00672nam a2200241 a 4500001001300000003000900013005001700022008004100039020001000080082001700090100002000107245002500127260003100152300000900183500003500192505001200227650002400239700002000263902000800283942000700291952011700298999001500415nice12345678IN_TiNIC20260116011826.0050524s1936 teha grp 000 0 per  ac10000a491.553bMEH aMehran, Mahmood aKitab Awwal Dabistan aTehranbNo Publisherc1936 a110p aincludes index and biblioraphy2 aIndexes aPersian Course Book1 aMehran, Mahmood bSRS cBK 001040708StackRoom-aHMIbHMId2007-06-12g100.00l0o491.553 MEHp08248r2007-06-12v100.00w2005-05-24yBK c4234d4234